000 00795nas a2200265 4500
001 BR0004002
003 BR-BrBNA
005 20231205102002.0
007 ta
008 230509b bl.|||p| |||| 00| 00por d
040 _aBR-BrBNA
_bpor
_cBiblioteca Nacional de Agricultura
041 _a(En)
072 _aF60
100 1 _aLago, R.C.A.
100 1 _aSimoni, M. de L.P.S.C.
100 1 _aPinto, A. da C.
245 1 _aOn the occurrence of cyanolipids in Paullinia carpopodea Cambess and P. cupana Kunth seed oils
650 _aTimbo
650 _aOleo Vegetal
650 _aGuarana
650 _aAnalise Quimica
773 0 _tActa Amazonica (Brazil)
_xISSN 0044-5967
_g(Mar 2000), v. 30(1) p. 101-105
_wBR0004002
909 _a202311
_bLúcia
_c55
_dLúcia Elande
942 _2AGRIS
_n0
_cANA
999 _c165101
_d165101